Liturgický spevník pre tretie tisícročie

Bibliographic Details
Main Author: Lexmann, Juraj, 1941-2025 (Adapter)
Format: Book
Language:Slovak
PhysicalDescription:152 s. kresby 30x21 cm
Published: Bratislava Ústav hudobnej vedy SAV 2000
ISBN:809682791X
Subjects:

MARC

LEADER 00000nam a2200000 a 4500
001 vtls001401244
003 SK-MaSNL
005 20260331204213.0
008 240226s2000 xo r slo
015 |a SNBH2001/01-00500 
020 |a 809682791X 
035 |a SNK000355741 
035 |a urn:nbn:sk:snk-amyeoc 
035 |a urn:nbn:sk:snk-am00ce7n 
035 |a 3FA14374-C9B0-4C17-88F5-58B890EF43B6 
040 |a SNK  |b slo  |c SNK  |e AACR2 
041 0 |a slo 
044 |a xo  |c SK 
080 |a 783.27.087.6  |2 1981 
080 |a 786.6  |2 1981 
080 |a 264:282  |2 1981 
080 |a 78.072  |2 1981 
100 1 |a Lexmann, Juraj,  |d 1941-2025  |4 adp  |9 204621 
245 1 |a Liturgický spevník pre tretie tisícročie  |h hudobnina  |c autorsky a redakčne pripravil: Juraj Lexmann 
260 |a Bratislava  |b Ústav hudobnej vedy SAV  |c 2000 
300 |a 152 s.  |b kresby  |c 30x21 cm 
500 |a Vyd. pre Hudobnú sekciu Slovenskej liturgickej komisie 
504 |a Bibliogr. s. 134-138 
610 2 7 |a Katolícka cirkev  |2 SNKKA  |9 206702 
650 0 7 |a liturgické piesne  |2 SNKPH  |9 296480 
650 0 7 |a liturgia  |2 SNKPH  |9 1990 
650 0 7 |a žalmy  |2 SNKPH  |9 1744 
650 0 7 |a spev  |2 SNKPH  |9 3420 
650 0 7 |a spevníky  |2 SNKPH  |9 281955 
919 |a 80-968279-1-X 
958 |a OND 
958 |a HHU 
958 |a TL 
999 |c 896939  |d 898869 
952 |t P60, <04>, [BOOK], {604}  |a SNK  |b SNK  |y VYP  |7 0  |p 17A0260901  |o snkSB 62631 D1  |i snkKSP 12548/2000  |0 0  |1 0  |4 0  |d 2000-12-04  |l 0  |r 2005-01-02 00:00:00  |w 2026-02-24 
952 |t P60, <03>, [BOOK], {603}  |a SNK  |b SNK  |y PREZ  |7 0  |p 17A0260900  |o snkSB 62631  |i snkKSP 12547/2000  |0 0  |1 0  |4 0  |d 2000-12-04  |f 1  |l 0  |r 2025-04-14 00:00:00  |w 2026-02-24